00848cam a2200229 a 450000100100000000500170001000800410002704000250006808200240009310000400011724500410015726000620019830000210026049000420028150000320032365000280035565000310038383000500041404900090046495201280047399900170060100002361220200930022340.0810910s1944 ag 001 f spa d aDO-SdBNPbspacBNPHU a863.62bL579c, 19601 aLeón, Ricardo,d1877-1943.94165910aCasta de hidalgos /cRicardo León. aBuenos Aires, Argentina :bEspasa Calpe Argentina,c1944. a230 p. ;c18 cm.1 aAustral. Azul: novelas y cuentosv481 aIncluye índice de autores 4aNovela española91123 4aLiteratura española9632 0aAustral.pAzul: novelas y cuentosv481941554 aBNGR 001054708MOaGRbGRcCTd2010-12-15iLF1l0o863.62 L579c, 1960p23612-10r2020-06-25w2020-06-25y4ZPréstamo en sala c23108d23108